| 000 | 00381nam a2200169Ia 4500 | ||
|---|---|---|---|
| 008 | 210210b1901 xxu||||| |||| 00| 0 eng d | ||
| 041 | _aeng | ||
| 082 | _a826/262 | ||
| 100 | _aSNELL | ||
| 245 | _aAge of chaucer | ||
| 260 |
_aLondon _bGeorge Bell and Sons _c1901 |
||
| 650 | _aof | ||
| 650 | _achaucer | ||
| 650 | _aAge | ||
| 690 | _aHistory of Literature | ||
| 906 | _a015810 | ||
| 999 |
_c135200 _d135200 |
||